countries by Emojis - Statistics

General Stats
  • This quiz has been taken 104 times
  • The average score is 16 of 18
Answer Stats
Hint Answer % Correct
๐Ÿฅ–๐Ÿท๐Ÿ—ผ๐Ÿฅ France
99%
๐Ÿ•๐Ÿ๐Ÿ›ต๐Ÿšฃ Italy
98%
โ˜•๐Ÿ‘‘๐Ÿ’‚๐Ÿ’ท United Kingdom
97%
๐ŸŒถ๏ธ๐ŸŒฎ๐ŸŒต๐Ÿช‡ Mexico
96%
๐Ÿ”๐ŸŽฅ๐Ÿ—ฝ๐Ÿค  United States of America
95%
๐Ÿฃ๐ŸŽŽโ›ฉ๏ธ๐ŸŒธ Japan
93%
๐Ÿ‰๐Ÿฅก๐Ÿฎ๐Ÿผ China
92%
๐Ÿ€๐Ÿบโ˜๏ธ๐Ÿ‘ฉโ€๐Ÿฆฐ Ireland
91%
๐Ÿจ๐Ÿ„โ€โ™‚๏ธ๐ŸŒž๐Ÿ•ท๏ธ Australia
89%
๐Ÿ๐Ÿป๐Ÿ’๐ŸŒจ๏ธ Canada
89%
๐ŸŽญ๐Ÿบ๐Ÿ›๏ธ๐Ÿ—ก๏ธ Greece
87%
๐Ÿบ๐Ÿฅจ๐Ÿฐโšฝ Germany
86%
๐Ÿ›๐Ÿฏ๐Ÿง˜๐Ÿพโ€โ™€๏ธ๐Ÿ India
82%
๐Ÿ–๏ธโšฝ๐Ÿ‘™โ˜• Brazil
79%
๐ŸŒท๐Ÿšฒ๐Ÿง€๐Ÿฅž Netherlands
77%
๐Ÿ‘๐Ÿ‰๐Ÿฅโ›ฐ๏ธ New Zealand
75%
๐Ÿฅ˜๐Ÿ’ƒ๐Ÿ‚๐Ÿค Spain
71%
๐Ÿซ๐Ÿง‡๐ŸŸ๐Ÿบ Belgium
68%
No matching quizzes found
Score Distribution
Percent of People with Each Score
Percentile by Number Answered
Your Score History
You have not taken this quiz